[Event "GER-ch 77th"]
[Site "Osterburg"]
[Date "2006.02.10"]
[Round "8"]
[White "Holzschuh, Stephan"]
[Black "Zuse, Peter"]
[Result "1/2-1/2"]
[WhiteElo "2257"]
[BlackElo "2333"]
[PlyCount "83"]
[EventDate "2006.02.03"]
[EventType "swiss"]
[EventRounds "9"]
[EventCountry "GER"]
[SourceTitle "CBM 112"]
[Source "ChessBase"]
[SourceDate "2006.06.07"]
[SourceVersion "1"]
[SourceVersionDate "2006.06.07"]
[SourceQuality "1"]

1. e4 c5 2. Nc3 d6 3. f4 e6 4. Bc4 Nf6 5. d3 Be7 6. Qf3 Nc6 7. Nge2 0-0 8. 0-0 Na5 9. Be3 a6 10. a4 Nxc4 11. dxc4 Bd7 12. Ng3 Qa5 13. Qe2 Bc6 14. e5 Nd7 15. Nh5 g6 16. Ng3 Qc7 17. exd6 Bxd6 18. Nge4 Be7 19. Qf2 Bxe4 20. Nxe4 Rfd8 21. b3 Qc6 22. Ng5 Nf6 23. Rae1 Ng4 24. Qh4 h5 25. Bc1 Bf6 26. Qg3 Re8 27. Nf3 Qc7 28. Ne5 Nh6 29. Qf2 Nf5 30. Ba3 Rac8 31. Bb2 a5 32. Bc3 Rcd8 33. Rd1 b6 34. Qf3 Bg7 35. Rxd8 Rxd8 36. Rd1 Rxd1+ 37. Qxd1 Qd6 38. Qd3 Nd4 39. Bxd4 cxd4 40. Qe4 Bf6 41. h3 Kg7 42. Nf3 1/2-1/2

[Event "GER-ch 77th"]
[Site "Osterburg"]
[Date "2006.02.07"]
[Round "5"]
[White "Holzschuh, Stephan"]
[Black "Schuetze, Norman"]
[Result "1-0"]
[WhiteElo "2257"]
[BlackElo "2161"]
[PlyCount "101"]
[EventDate "2006.02.03"]
[EventType "swiss"]
[EventRounds "9"]
[EventCountry "GER"]
[SourceTitle "CBM 112"]
[Source "ChessBase"]
[SourceDate "2006.06.07"]
[SourceVersion "1"]
[SourceVersionDate "2006.06.07"]
[SourceQuality "1"]

1. e4 c5 2. Nc3 e6 3. Nf3 d6 4. d4 cxd4 5. Nxd4 a6 6. Be3 Nf6 7. Be2 Nbd7 8. f4 b5 9. a3 Bb7 10. Bf3 Qc7 11. Qe2 Rc8 12. 0-0 Be7 13. Bf2 h6 14. Rae1 g5 15. e5 Bxf3 16. Nxf3 Ng4 17. exd6 Bxd6 18. Nd4 Nxf2 19. Nxe6 Qc4 20. Rxf2 Qxe2 21. Rfxe2 gxf4 22. Nd5 f3 23. gxf3 f6 24. Nec7+ Kf8 25. Re8+ Rxe8 26. Rxe8+ Kg7 27. Rxh8 Kxh8 28. Nxa6 Ne5 29. f4 Nc4 30. Nac7 Nxb2 31. Nxb5 Bc5+ 32. Kg2 Nc4 33. a4 Kg7 34. Kf3 Kg6 35. Nbc3 Na3 36. Ne3 Bxe3 37. Kxe3 Nxc2+ 38. Ke4 Nb4 39. Nd5 Nc6 40. Nb6 Na5 41. Nc8 Nc6 42. Kd5 Nb4+ 43. Ke6 Na6 44. Ne7+ Kg7 45. a5 h5 46. Nd5 Nc5+ 47. Kf5 Nb3 48. a6 Nd4+ 49. Ke4 Nc6 50. Nc7 Na7 51. Kf5 1-0

[Event "GER-ch 77th"]
[Site "Osterburg"]
[Date "2006.02.05"]
[Round "3"]
[White "Holzschuh, Stephan"]
[Black "Brener, Ilja"]
[Result "1/2-1/2"]
[WhiteElo "2257"]
[BlackElo "2323"]
[PlyCount "41"]
[EventDate "2006.02.03"]
[EventType "swiss"]
[EventRounds "9"]
[EventCountry "GER"]
[SourceTitle "CBM 112"]
[Source "ChessBase"]
[SourceDate "2006.06.07"]
[SourceVersion "1"]
[SourceVersionDate "2006.06.07"]
[SourceQuality "1"]

1. e4 c5 2. Nf3 Nc6 3. d4 cxd4 4. Nxd4 Nf6 5. Nc3 e5 6. Ndb5 d6 7. Bg5 a6 8. Na3 b5 9. Nd5 Be7 10. Bxf6 Bxf6 11. c3 Bg5 12. Nc2 Rb8 13. a4 0-0 14. axb5 axb5 15. Bd3 f5 16. exf5 Bxf5 17. Bxf5 Rxf5 18. 0-0 e4 19. Nce3 Re5 20. Ng4 Re8 21. f4 1/2-1/2

[Event "GER-ch 77th"]
[Site "Osterburg"]
[Date "2006.02.04"]
[Round "2"]
[White "Heinemann, Thies"]
[Black "Holzschuh, Stephan"]
[Result "1-0"]
[WhiteElo "2443"]
[BlackElo "2257"]
[PlyCount "81"]
[EventDate "2006.02.03"]
[EventType "swiss"]
[EventRounds "9"]
[EventCountry "GER"]
[SourceTitle "CBM 112"]
[Source "ChessBase"]
[SourceDate "2006.06.07"]
[SourceVersion "1"]
[SourceVersionDate "2006.06.07"]
[SourceQuality "1"]

1. e4 c5 2. Nf3 e6 3. d4 cxd4 4. Nxd4 Nc6 5. Nc3 Qc7 6. Be3 a6 7. Nxc6 Qxc6 8. Bd3 b5 9. 0-0 Bb7 10. Qe2 Nf6 11. f3 b4 12. Nb1 d5 13. e5 Nd7 14. Bf2 Bc5 15. Nd2 Bxf2+ 16. Rxf2 Nc5 17. a3 Nxd3 18. Qxd3 a5 19. axb4 axb4 20. Rxa8+ Bxa8 21. Nb3 0-0 22. Nd4 Qb6 23. Qe3 Rc8 24. Rd2 Qa5 25. Rd1 Bb7 26. f4 Qb6 27. h3 Rc4 28. Kh2 h6 29. Qf2 Qc5 30. Qd2 Ba6 31. Kh1 Kh7 32. Qd3+ g6 33. b3 Rxd4 34. Qxd4 Qxc2 35. Ra1 Bd3 36. Qa7 Kg7 37. Qe7 Qc8 38. Qf6+ Kg8 39. Ra7 Qe8 40. Re7 Qf8 41. Rd7 1-0

[Event "Oberliga Ost-B 0506"]
[Site "Germany"]
[Date "2006.01.29"]
[Round "7.2"]
[White "Holzschuh, Stephan"]
[Black "Paehtz, Thomas Jr"]
[Result "1/2-1/2"]
[WhiteElo "2252"]
[BlackElo "2279"]
[PlyCount "37"]
[EventDate "2005.11.13"]
[EventType "team-tourn"]
[EventRounds "11"]
[EventCountry "GER"]
[SourceTitle "EXT 2007"]
[Source "ChessBase"]
[SourceDate "2006.11.23"]
[SourceVersion "1"]
[SourceVersionDate "2006.11.23"]
[SourceQuality "1"]
[WhiteTeam "Erfurt Medizin"]
[BlackTeam "Soemmerda"]
[WhiteTeamCountry "GER"]
[BlackTeamCountry "GER"]

1. e4 c5 2. Nf3 e6 3. d4 cxd4 4. Nxd4 Nc6 5. Nc3 Qc7 6. Be3 a6 7. Be2 Nf6 8. a3 Be7 9. 0-0 0-0 10. f4 d6 11. Kh1 Re8 12. Qd3 Bd7 13. Rad1 Rac8 14. Nxc6 Bxc6 15. f5 e5 16. Bg5 Red8 17. Bf3 Ne8 18. Be3 h6 19. Qd2 1/2-1/2

[Event "GER-chT U20"]
[Site "Berlin"]
[Date "2005.12.29"]
[Round "6.2"]
[White "Holzschuh, Stephan"]
[Black "Abel, Dennes"]
[Result "1/2-1/2"]
[WhiteElo "2257"]
[BlackElo "2186"]
[PlyCount "50"]
[EventDate "2005.12.27"]
[EventType "team-swiss"]
[EventRounds "7"]
[EventCountry "GER"]
[SourceTitle "EXT 2022"]
[Source "ChessBase"]
[SourceDate "2021.10.06"]
[SourceVersion "1"]
[SourceVersionDate "2021.10.06"]
[SourceQuality "1"]
[WhiteTeam "Erfurt Medizin U20"]
[BlackTeam "Hannover Post U20"]
[WhiteTeamCountry "GER"]
[BlackTeamCountry "GER"]

1. e4 c5 2. Nf3 Nc6 3. d4 cxd4 4. Nxd4 Nf6 5. Nc3 e5 6. Ndb5 d6 7. Bg5 a6 8. Na3 b5 9. Bxf6 gxf6 10. Nd5 f5 11. Bd3 Be6 12. 0-0 Bxd5 13. exd5 Ne7 14. c4 Bg7 15. Rb1 e4 16. Be2 0-0 17. cxb5 axb5 18. Bxb5 Bxb2 19. Nc4 Bg7 20. a4 Ng6 21. Bc6 Ra7 22. f4 Ne7 23. Rb5 Qc7 24. Ne3 Rb8 25. Qb3 Rc8 1/2-1/2

[Event "GER-chT U20"]
[Site "Berlin"]
[Date "2005.12.27"]
[Round "1.2"]
[White "Krug, Kevin"]
[Black "Holzschuh, Stephan"]
[Result "1/2-1/2"]
[WhiteElo "2111"]
[BlackElo "2257"]
[PlyCount "59"]
[EventDate "2005.12.27"]
[EventType "team-swiss"]
[EventRounds "7"]
[EventCountry "GER"]
[SourceTitle "EXT 2022"]
[Source "ChessBase"]
[SourceDate "2021.10.06"]
[SourceVersion "1"]
[SourceVersionDate "2021.10.06"]
[SourceQuality "1"]
[WhiteTeam "Koeln Muelheim U20"]
[BlackTeam "Erfurt Medizin U20"]
[WhiteTeamCountry "GER"]
[BlackTeamCountry "GER"]

1. d4 Nf6 2. Nc3 d5 3. Bg5 Nbd7 4. f3 h6 5. Bh4 g5 6. Bf2 e5 7. e3 Bb4 8. Nge2 exd4 9. exd4 Qe7 10. Qd2 Nb6 11. 0-0-0 Be6 12. Ng3 0-0-0 13. Qd3 Nc4 14. Nf5 Qd7 15. Ng7 Qc6 16. Nxe6 fxe6 17. Nb1 Bd6 18. Bg3 Kb8 19. Qc3 Nd7 20. Bxc4 dxc4 21. Bxd6 cxd6 22. d5 exd5 23. Qd4 Nb6 24. Nc3 Qc5 25. Rhe1 Qxd4 26. Rxd4 Rhe8 27. Red1 Re5 28. Nxd5 Nxd5 29. Rxd5 Rxd5 30. Rxd5 1/2-1/2